[Event "SR 1. liga zapad 2014/2015"]
[Site "?"]
[Date "2014.10.19"]
[Round "2.3"]
[White "Molnar, Erno"]
[Black "Detko, Jan"]
[Result "1-0"]
[WhiteElo "2027"]
[BlackElo "2165"]
[PlyCount "73"]
[EventDate "2014.??.??"]

1. e4 e6 2. d4 d5 3. exd5 exd5 4. Nf3 Bd6 5. Bd3 Ne7 6. O-O Bg4 7. Nbd2 Nbc6 8.
c3 Qd7 9. Re1 O-O 10. Nf1 Rfe8 11. Ne3 Bh5 12. Bd2 Bg6 13. Qc2 Nd8 14. Nh4 Bxd3
15. Qxd3 Ne6 16. g3 Ng5 17. Re2 c6 18. Rae1 Ne4 19. Bc1 g5 20. Nhg2 f5 21. f3
Nf6 22. Nf1 h6 23. h4 Nh5 24. hxg5 Nxg3 25. Re6 Nxf1 26. Kxf1 f4 27. Nxf4 Rf8
28. Ng6 Nf5 29. Nxf8 Rxf8 30. gxh6 Qh7 31. Qd2 Kh8 32. Qg5 Bg3 33. Re8 Qf7 34.
Rxf8+ Qxf8 35. Re6 Bh4 36. Qg6 Ng3+ 37. Kg2 1-0

[Event "SR 1. liga zapad 2014/2015"]
[Site "?"]
[Date "2014.10.19"]
[Round "2.3"]
[White "Gunis, Juraj"]
[Black "Hegedus, Roland"]
[Result "1-0"]
[WhiteElo "2034"]
[BlackElo "2016"]
[PlyCount "93"]
[EventDate "2014.??.??"]

1. Nf3 Nf6 2. c4 g6 3. d4 Bg7 4. Nc3 O-O 5. e4 d6 6. Be2 Nbd7 7. O-O e5 8. d5
Nc5 9. Qc2 a5 10. Ne1 Nfd7 11. Be3 f5 12. f3 fxe4 13. fxe4 Nf6 14. h3 Bd7 15.
b3 h6 16. Bf3 Nh5 17. Bxh5 Rxf1+ 18. Kxf1 gxh5 19. Nd3 Nxd3 20. Qxd3 Qh4 21.
Bf2 Rf8 22. Qe3 Rf4 23. Kg1 Qg5 24. Ne2 Bxh3 25. Qxh3 Rxe4 26. Ng3 Rg4 27. Nxh5
Bh8 28. Be3 Qg6 29. Rf1 Qe4 30. Qf3 Qxf3 31. Rxf3 e4 32. Rg3 Rxg3 33. Nxg3 Kf7
34. Nxe4 Kg6 35. Kf2 Kf5 36. Kf3 Bg7 37. Bf4 b5 38. Ng3+ Kg6 39. cxb5 Bd4 40.
Ke4 Bf2 41. Nf5 h5 42. Be3 Bxe3 43. Nxe3 Kg5 44. Nf5 Kg4 45. Nxd6 Kg3 46. Nf5+
Kxg2 47. b6 1-0

[Event "SR 1. liga zapad 2014/2015"]
[Site "?"]
[Date "2014.10.19"]
[Round "2.4"]
[White "Sipos, Istvan"]
[Black "Maslik, Miroslav"]
[Result "1-0"]
[WhiteElo "2491"]
[BlackElo "2365"]
[PlyCount "47"]
[EventDate "2014.??.??"]

1. c4 Nf6 2. Nc3 e6 3. e4 d5 4. e5 d4 5. exf6 dxc3 6. bxc3 Qxf6 7. Nf3 b6 8. d4
Bb7 9. Bd3 Nd7 10. Bg5 Bxf3 11. Qd2 Bxg2 12. Bxf6 Bxh1 13. Bh4 Nf6 14. f3 Bxf3
15. Qf4 Bc6 16. Qxc7 Bd7 17. c5 bxc5 18. Rb1 Be7 19. Bxf6 Bxf6 20. Rb5 Bh4+ 21.
Kd2 Bg5+ 22. Kc2 Rd8 23. Qxc5 Be7 24. Qxa7 1-0

[Event "SR 1. liga zapad 2014/2015"]
[Site "?"]
[Date "2014.10.19"]
[Round "2.4"]
[White "Gruca, Miroslav"]
[Black "Berczes, Csaba"]
[Result "1/2-1/2"]
[WhiteElo "2220"]
[BlackElo "2357"]
[PlyCount "39"]
[EventDate "2014.??.??"]

1. e4 d6 2. d4 Nf6 3. Nc3 e5 4. Nf3 Nbd7 5. Bd3 Be7 6. O-O O-O 7. Re1 c6 8. a4
b6 9. b3 Rb8 10. Bb2 a6 11. Ne2 Qc7 12. Ng3 g6 13. Qd2 Re8 14. Ba3 Bf8 15. Rad1
exd4 16. Nxd4 Nc5 17. f3 d5 18. exd5 Rxe1+ 19. Qxe1 Nxd5 20. Bc4 1/2-1/2

[Event "SR 1. liga zapad 2014/2015"]
[Site "?"]
[Date "2014.10.19"]
[Round "2.4"]
[White "Farkas, Gabor"]
[Black "Jostic, Peter"]
[Result "1-0"]
[WhiteElo "2346"]
[BlackElo "2075"]
[PlyCount "117"]
[EventDate "2014.??.??"]

1. d4 e6 2. e4 d5 3. Nc3 Bb4 4. e5 c5 5. a3 Bxc3+ 6. bxc3 Qc7 7. Qg4 f5 8. Qg3
Nc6 9. Nf3 Nge7 10. Be2 Bd7 11. O-O O-O-O 12. a4 h6 13. dxc5 g5 14. Nd4 f4 15.
Qd3 Nxe5 16. Qd1 a6 17. Re1 Rdf8 18. Ba3 N5c6 19. Bg4 Nxd4 20. cxd4 Rf6 21. h3
Nc6 22. Rb1 Na5 23. c3 Nc4 24. Bc1 Re8 25. Bh5 Re7 26. Be2 Na5 27. Ba3 Bc6 28.
Bg4 Kb8 29. Bb2 Nc4 30. Be2 Na5 31. Bc1 Ka8 32. Rb6 Ka7 33. Bd3 e5 34. Qe2 e4
35. Bxa6 f3 36. Qf1 fxg2 37. Kxg2 g4 38. hxg4 Qd7 39. Re3 Rg7 40. Rg3 Rxg4 41.
Qe2 Rf3 42. Be3 Qg7 43. Rxg4 Qxg4+ 44. Kf1 h5 45. Qb2 Rf6 46. Be2 Qf5 47. Qb4
Nc4 48. Bxc4 dxc4 49. a5 Qh3+ 50. Ke1 Qh1+ 51. Kd2 Qf1 52. a6 Rxf2+ 53. Bxf2
e3+ 54. Bxe3 Qd3+ 55. Kc1 Qxe3+ 56. Kb2 Qf2+ 57. Ka3 Qf7 58. axb7 Bxb7 59. Qa5+
1-0

[Event "SR 1. liga zapad 2014/2015"]
[Site "?"]
[Date "2014.10.19"]
[Round "2.4"]
[White "Kijac, Miroslav"]
[Black "Janko, Michal"]
[Result "1/2-1/2"]
[WhiteElo "2145"]
[BlackElo "2280"]
[PlyCount "31"]
[EventDate "2014.??.??"]

1. d4 g6 2. e4 Bg7 3. Nc3 d6 4. Bc4 a6 5. Bb3 Nc6 6. Nf3 Na5 7. h3 Nxb3 8. axb3
e6 9. O-O Ne7 10. Be3 b6 11. Qd2 h6 12. d5 e5 13. Nh2 g5 14. h4 f6 15. Qe2 O-O
16. g3 1/2-1/2

[Event "SR 1. liga zapad 2014/2015"]
[Site "?"]
[Date "2014.10.19"]
[Round "2.4"]
[White "Janko, Ladislav"]
[Black "Pytlik, Pavol"]
[Result "1/2-1/2"]
[WhiteElo "2169"]
[BlackElo "2027"]
[PlyCount "96"]
[EventDate "2014.??.??"]

1. e4 e6 2. d4 d5 3. Nd2 dxe4 4. Nxe4 Nd7 5. Nf3 Ngf6 6. Nxf6+ Nxf6 7. Bd3 Be7
8. O-O O-O 9. Qe2 b6 10. Rd1 Bb7 11. c4 a5 12. h3 Re8 13. Ne5 Qc8 14. Bg5 c5
15. dxc5 bxc5 16. Bc2 Qc7 17. Ba4 Red8 18. Nd7 Ra6 19. Bb5 Rd6 20. Rxd6 Qxd6
21. Rd1 Qc7 22. Rd2 h6 23. Bh4 Qf4 24. Bg3 Qe4 25. Nxf6+ Bxf6 26. Rxd8+ Bxd8
27. Qxe4 Bxe4 28. Bd6 Bb6 29. f3 Bb1 30. a3 f6 31. Kh2 Kf7 32. b4 cxb4 33. axb4
axb4 34. Bxb4 Bd3 35. Kg3 g5 36. h4 Bc7+ 37. Kh3 Bb6 38. Kg4 f5+ 39. Kh5 Bf1
40. hxg5 hxg5 41. Kxg5 Be3+ 42. Kh4 Bxg2 43. Kg3 Bf1 44. f4 Be2 45. Bd6 Bd4 46.
Kh4 Bf6+ 47. Kg3 Bd4 48. Bb4 Kf6 1/2-1/2

[Event "SR 1. liga zapad 2014/2015"]
[Site "?"]
[Date "2014.10.19"]
[Round "2.4"]
[White "Halak, Matej"]
[Black "Balogh, Peter"]
[Result "1-0"]
[WhiteElo "1929"]
[BlackElo "2028"]
[PlyCount "99"]
[EventDate "2014.??.??"]

1. d4 Nf6 2. Bg5 Ne4 3. Bf4 c5 4. dxc5 e6 5. e3 Bxc5 6. Bd3 Nf6 7. Nd2 Nc6 8.
Ngf3 h6 9. O-O Qe7 10. Bg3 d5 11. c3 O-O 12. Qc2 Nh5 13. Be5 f5 14. Be2 g5 15.
Bd4 Bd6 16. c4 g4 17. cxd5 gxf3 18. Bxf3 Nxd4 19. exd4 Nf6 20. Rfe1 Qf7 21. Nc4
Bb8 22. d6 Ne8 23. Ne5 Qg7 24. Qxc8 Nxd6 25. Qxe6+ Kh7 26. Qd7 Bc7 27. Rac1 Ne8
28. Qxg7+ Kxg7 29. Nd7 Bf4 30. Nxf8 Bxc1 31. Rxc1 Kxf8 32. Kf1 Ke7 33. b3 Rd8
34. d5 Kd6 35. Ke2 Nc7 36. Ke3 Re8+ 37. Kd4 Nb5+ 38. Kd3 Nc7 39. Rc4 Rg8 40. a4
a6 41. Rh4 Rg6 42. g3 Ke5 43. Rc4 Kd6 44. b4 Rg8 45. Rh4 Rg6 46. Kd4 Ne8 47.
Bh5 Rg8 48. Bxe8 Rxe8 49. Rxh6+ Kc7 50. Re6 1-0

[Event "SR 1. liga zapad 2014/2015"]
[Site "?"]
[Date "2014.10.19"]
[Round "2.4"]
[White "Dvorsky, Jozef"]
[Black "Masarik, Drahoslav"]
[Result "1-0"]
[WhiteElo "2018"]
[BlackElo "2022"]
[PlyCount "61"]
[EventDate "2014.??.??"]

1. e4 c5 2. Nf3 Nc6 3. c4 g6 4. d4 cxd4 5. Nxd4 Bg7 6. Be3 Nf6 7. Nc3 d6 8. Be2
O-O 9. O-O Bd7 10. Qd2 Rc8 11. f3 a6 12. Rac1 Nxd4 13. Bxd4 Qa5 14. Rfd1 Rfe8
15. a3 Be6 16. b4 Qh5 17. Na4 Bh6 18. Be3 Bxe3+ 19. Qxe3 Qe5 20. Rd4 Nh5 21.
Bf1 f5 22. Rc3 f4 23. Qd2 g5 24. c5 Red8 25. cxd6 Rxd6 26. Rxd6 Qxd6 27. Rxc8+
Bxc8 28. Bc4+ Kf8 29. Qxd6 exd6 30. Nb6 d5 31. Bxd5 1-0

[Event "SR 1. liga zapad 2014/2015"]
[Site "?"]
[Date "2014.10.19"]
[Round "2.4"]
[White "Sopko, Rudolf"]
[Black "Kosar, Mikulas"]
[Result "0-1"]
[WhiteElo "1839"]
[BlackElo "1820"]
[PlyCount "78"]
[EventDate "2014.??.??"]

1. e4 d5 2. exd5 Nf6 3. d4 Nxd5 4. c3 Bf5 5. Nf3 e6 6. Be2 Bd6 7. Nbd2 O-O 8.
Nc4 Be7 9. Ne3 Bg6 10. O-O Nd7 11. Nxd5 exd5 12. Qb3 Nb6 13. Ne5 Bf5 14. Be3 c6
15. Bd3 Be6 16. Qc2 f5 17. f4 Nd7 18. Nf3 h6 19. Rae1 g6 20. Bf2 Bf7 21. h4 Nf6
22. Ne5 Ne4 23. g3 Rc8 24. Kg2 h5 25. b4 b6 26. a3 Kg7 27. Rb1 Qc7 28. Rfc1 b5
29. a4 a6 30. Bxe4 fxe4 31. Ra1 Ra8 32. Qe2 Be6 33. a5 Bf5 34. Rh1 Rae8 35. Be3
Bd6 36. Qd2 Bxe5 37. fxe5 Kh7 38. Bh6 Rf7 39. Raf1 Qd7 0-1

[Event "SR 1. liga zapad 2014/2015"]
[Site "?"]
[Date "2014.10.19"]
[Round "2.5"]
[White "Zetocha, Claudiu"]
[Black "Koval, Maros"]
[Result "1/2-1/2"]
[WhiteElo "2307"]
[BlackElo "2098"]
[PlyCount "86"]
[EventDate "2014.??.??"]

1. e4 e5 2. Nf3 Nf6 3. Nxe5 d6 4. Nf3 Nxe4 5. d4 Be7 6. Bd3 Nf6 7. h3 O-O 8.
O-O Nbd7 9. Nc3 c6 10. Ne2 Re8 11. Ng3 Nf8 12. Nf5 Bxf5 13. Bxf5 g6 14. Bd3 Ne6
15. c3 Nd5 16. g3 Ng5 17. h4 Nxf3+ 18. Qxf3 h5 19. Bd2 Nf6 20. Rfe1 Ng4 21. Re2
Qd7 22. Rae1 Bf8 23. Bg5 Rxe2 24. Qxe2 Nh6 25. Kg2 Nf5 26. Qf3 Ng7 27. d5 c5
28. Re4 Re8 29. Qe2 a6 30. a4 f5 31. Rxe8 Qxe8 32. Qxe8 Nxe8 33. a5 Kf7 34. f3
Bg7 35. Bd2 Nf6 36. Bc4 Nd7 37. f4 Ke7 38. Kf3 Kd8 39. Ke3 Kc7 40. Kd3 b5 41.
axb6+ Kxb6 42. Bb3 Nf6 43. Kc4 Ne4 1/2-1/2

[Event "SR 1. liga zapad 2014/2015"]
[Site "?"]
[Date "2014.10.19"]
[Round "2.5"]
[White "Bojda, Lubomir"]
[Black "Havlicek, Libor"]
[Result "1/2-1/2"]
[WhiteElo "2167"]
[BlackElo "2278"]
[PlyCount "62"]
[EventDate "2014.??.??"]

1. e4 c5 2. Nf3 d6 3. d4 cxd4 4. Qxd4 Nc6 5. Bb5 Bd7 6. Bxc6 Bxc6 7. Nc3 Nf6 8.
Bg5 Qb6 9. Bxf6 gxf6 10. Nd5 Bxd5 11. exd5 Qxd4 12. Nxd4 Rc8 13. O-O-O Rg8 14.
g3 Rg5 15. Nb3 Re5 16. f4 Re2 17. Rd2 Rxd2 18. Kxd2 f5 19. Kd3 Bg7 20. c3 Kd7
21. Re1 Bf6 22. Nd4 Rc5 23. c4 Ra5 24. a3 b5 25. Nxb5 Bxb2 26. Rb1 Bxa3 27. Ra1
Bb4 28. Rxa5 Bxa5 29. Nxa7 Bb6 30. Nc6 Bg1 31. Ke2 e6 1/2-1/2

[Event "SR 1. liga zapad 2014/2015"]
[Site "?"]
[Date "2014.10.19"]
[Round "2.5"]
[White "Ruckschloss, Karol"]
[Black "Polacik, Igor"]
[Result "1/2-1/2"]
[WhiteElo "2207"]
[BlackElo "2173"]
[PlyCount "44"]
[EventDate "2014.??.??"]

1. c4 c5 2. Nc3 Nc6 3. g3 g6 4. Bg2 Bg7 5. e3 e6 6. Nge2 Nge7 7. d4 cxd4 8.
Nxd4 Nxd4 9. exd4 d5 10. cxd5 Nxd5 11. Nxd5 exd5 12. O-O O-O 13. Be3 Be6 14.
Qb3 Qd7 15. Rac1 Rac8 16. Qa3 a6 17. Qa5 Qd8 18. Qb4 Qd7 19. Qb6 Rxc1 20. Rxc1
Rc8 21. Rxc8+ Qxc8 22. h4 h5 1/2-1/2

[Event "SR 1. liga zapad 2014/2015"]
[Site "?"]
[Date "2014.10.19"]
[Round "2.5"]
[White "Riabov, Alexander"]
[Black "Kovac, Andrej"]
[Result "0-1"]
[WhiteElo "2072"]
[BlackElo "2165"]
[PlyCount "66"]
[EventDate "2014.??.??"]

1. e4 e6 2. d3 d5 3. Nd2 c5 4. g3 Nc6 5. Bg2 g6 6. Ngf3 Bg7 7. O-O Nge7 8. Re1
b6 9. e5 h6 10. Nf1 Qc7 11. Qe2 g5 12. Ne3 Bb7 13. Ng4 O-O-O 14. h3 Ng6 15. c3
d4 16. c4 h5 17. Nf6 Bxf6 18. exf6 g4 19. hxg4 hxg4 20. Nh2 Nce5 21. Be4 Rxh2
22. Kxh2 Nf3+ 23. Kg2 Ngh4+ 24. Kf1 Nh2+ 25. Kg1 N4f3+ 26. Kg2 Nxe1+ 27. Qxe1
Nf3 28. Qh1 Bxe4 29. dxe4 Qe5 30. Qh7 Qxf6 31. e5 Qh8 32. Qxh8 Rxh8 33. b3 d3
0-1

[Event "SR 1. liga zapad 2014/2015"]
[Site "?"]
[Date "2014.10.19"]
[Round "2.5"]
[White "Hacik, Radomir"]
[Black "Chlpik, Martin"]
[Result "1-0"]
[WhiteElo "2143"]
[BlackElo "2072"]
[PlyCount "79"]
[EventDate "2014.??.??"]

1. e4 c5 2. Nf3 d6 3. d4 cxd4 4. Nxd4 Nf6 5. Nc3 a6 6. Bg5 Nbd7 7. Bc4 Qa5 8.
Qd2 e6 9. f3 Be7 10. Bb3 Nc5 11. O-O b5 12. Rfd1 b4 13. Nce2 Nfxe4 14. fxe4
Nxe4 15. Qe3 Nxg5 16. h4 Qe5 17. Ba4+ Kf8 18. Qxe5 dxe5 19. Nc6 Ne4 20. Nxe7
Bb7 21. Bc6 Nc5 22. Bxb7 Nxb7 23. Rd7 Nc5 24. Rc7 Na4 25. Rd1 Nb6 26. Rb7 a5
27. Rxb6 Kxe7 28. Rb7+ Kf6 29. Rf1+ Kg6 30. Rfxf7 Rhg8 31. Ng3 Rac8 32. Rfe7
Rc6 33. Rbc7 Rb6 34. Ne4 Kf5 35. Ng5 h6 36. Rf7+ Kg4 37. Nf3 e4 38. Rc4 Rd6 39.
Rxe4+ Kg3 40. Nh2 1-0

[Event "SR 1. liga zapad 2014/2015"]
[Site "?"]
[Date "2014.10.19"]
[Round "2.5"]
[White "Briestenska, Andrea"]
[Black "Travenec, Igor"]
[Result "1/2-1/2"]
[WhiteElo "1961"]
[BlackElo "2221"]
[PlyCount "44"]
[EventDate "2014.??.??"]

1. f4 d5 2. Nf3 Nf6 3. e3 c5 4. Bb5+ Bd7 5. Qe2 a6 6. Bxd7+ Nbxd7 7. b3 g6 8.
Bb2 Bg7 9. d3 O-O 10. O-O Qc7 11. Nbd2 e6 12. Ne5 b5 13. c4 Qb7 14. Rab1 Rac8
15. e4 dxe4 16. dxe4 Rfd8 17. Nxd7 Qxd7 18. Rf2 Qd3 19. e5 Ne8 20. Rc1 Bf8 21.
Qe4 Rd7 22. Re2 Rcd8 1/2-1/2

[Event "SR 1. liga zapad 2014/2015"]
[Site "?"]
[Date "2014.10.19"]
[Round "2.5"]
[White "Sulek, Viliam"]
[Black "Moravcik, Rastislav"]
[Result "0-1"]
[WhiteElo "2043"]
[BlackElo "2028"]
[PlyCount "70"]
[EventDate "2014.??.??"]

1. e4 e6 2. d4 d5 3. e5 c5 4. c3 Nc6 5. Nf3 Qb6 6. Bd3 Bd7 7. O-O cxd4 8. cxd4
Nxd4 9. Nxd4 Qxd4 10. Nc3 Qb6 11. Kh1 f5 12. exf6 Nxf6 13. Qe2 Be7 14. Bg5 O-O
15. f4 Rae8 16. Rae1 a6 17. Rf3 d4 18. Bxf6 Bxf6 19. Ne4 e5 20. Nxf6+ gxf6 21.
Rg3+ Kh8 22. Qh5 e4 23. Qh6 Rf7 24. Be2 Qb4 25. Rg1 Qf8 26. Qh4 Rg7 27. Rb3 Bc6
28. Bh5 Rd8 29. f5 d3 30. h3 Qd6 31. Bg4 e3 32. Rd1 Be4 33. Bf3 Bxf3 34. gxf3
e2 35. Rd2 Qg3 0-1

[Event "SR 1. liga zapad 2014/2015"]
[Site "?"]
[Date "2014.10.19"]
[Round "2.6"]
[White "Chovan, Milan"]
[Black "Petrik, Tomas"]
[Result "0-1"]
[WhiteElo "2093"]
[BlackElo "2495"]
[PlyCount "102"]
[EventDate "2014.??.??"]

1. e4 c5 2. Nf3 Nc6 3. d4 cxd4 4. Nxd4 g6 5. c4 Nf6 6. Nc3 d6 7. Be2 Nxd4 8.
Qxd4 Bg7 9. Be3 O-O 10. Qd2 a5 11. O-O a4 12. Rfd1 Qa5 13. Rab1 Be6 14. b4 axb3
15. axb3 Qb4 16. Bd4 Rfd8 17. Qb2 Qa3 18. Qc2 Nd7 19. Bxg7 Kxg7 20. b4 Rdc8 21.
Rb3 Qa7 22. Nb5 Qa2 23. Rb2 Qa4 24. Qxa4 Rxa4 25. Nc3 Ra3 26. Nb5 Ra4 27. Nc3
Raa8 28. Nd5 Bxd5 29. cxd5 Rc3 30. g3 g5 31. Kg2 Kf6 32. Rd3 Rxd3 33. Bxd3 Ra3
34. Be2 Rc3 35. Ra2 Rb3 36. Bb5 Ne5 37. Ra7 b6 38. Ra4 Rb2 39. h3 h5 40. Bf1 g4
41. h4 Nf3 42. b5 Nd2 43. Bd3 Rb3 44. Be2 Nb1 45. Ra6 Nc3 46. Bd3 Rb2 47. Kf1
Rd2 48. Bc4 Nxe4 49. Be2 Nc3 50. Bc4 Rd1+ 51. Kg2 Rd4 0-1

[Event "SR 1. liga zapad 2014/2015"]
[Site "?"]
[Date "2014.10.19"]
[Round "2.6"]
[White "Schwarz, Dusan"]
[Black "Kalisky, Vladimir"]
[Result "1-0"]
[WhiteElo "2339"]
[BlackElo "2268"]
[PlyCount "55"]
[EventDate "2014.??.??"]

1. d4 d5 2. c4 c5 3. cxd5 Qxd5 4. Nf3 cxd4 5. Nc3 Qa5 6. Nxd4 Nf6 7. g3 e5 8.
Ndb5 Bb4 9. Nd6+ Ke7 10. Nxc8+ Rxc8 11. Bg2 Nc6 12. Bd2 Rd8 13. Bxc6 Bxc3 14.
Bxc3 Rxd1+ 15. Rxd1 Qb6 16. Bg2 Rd8 17. O-O Rxd1 18. Rxd1 Ng4 19. e3 f6 20. a3
h5 21. Bb4+ Kf7 22. Rd7+ Kg6 23. Be4+ Kh6 24. Bf8 Nxf2 25. Bxg7+ Kg5 26. Bh6+
Kxh6 27. Rh7+ Kg5 28. h4+ 1-0

[Event "SR 1. liga zapad 2014/2015"]
[Site "?"]
[Date "2014.10.19"]
[Round "2.6"]
[White "Szucs, Vladimir"]
[Black "Federic, Jozef"]
[Result "1/2-1/2"]
[WhiteElo "2228"]
[BlackElo "2305"]
[PlyCount "125"]
[EventDate "2014.??.??"]

1. d4 d5 2. c4 e6 3. Nc3 Nf6 4. cxd5 exd5 5. Bg5 Be7 6. e3 O-O 7. Bd3 Re8 8.
Qc2 Nbd7 9. Nf3 Nf8 10. O-O c6 11. h3 Be6 12. Ne5 N6d7 13. Bxe7 Qxe7 14. Nxd7
Bxd7 15. Rae1 Ng6 16. f4 Qf6 17. f5 Nf8 18. Qf2 Qd6 19. e4 f6 20. e5 fxe5 21.
Qg3 Kh8 22. dxe5 Qc7 23. Rf2 Re7 24. Rfe2 Rae8 25. Qf4 Bc8 26. Qd4 Qb6 27. Qxb6
axb6 28. e6 b5 29. Bxb5 d4 30. Nd5 cxd5 31. Bxe8 Rxe8 32. Rd2 g6 33. g4 gxf5
34. gxf5 Kg7 35. Rxd4 Kf6 36. Rxd5 b6 37. Kf2 Bb7 38. Rb5 Re7 39. Rc1 h5 40. h4
Be4 41. Kg3 Rg7+ 42. Kh2 Rg2+ 43. Kh3 Rg7 44. Re1 Bd3 45. Rd5 Bc2 46. Rc1 Be4
47. Rb5 Bd3 48. e7 Rxe7 49. Rxb6+ Kxf5 50. Rc5+ Re5 51. Rxe5+ Kxe5 52. Kg3 Ne6
53. Rb8 Ng7 54. Kf2 Bc4 55. a4 Kd4 56. b4 Nf5 57. Rh8 Nxh4 58. Rxh5 Ng6 59. b5
Ne5 60. b6 Ba6 61. Rh7 Nd3+ 62. Kg3 Nc5 63. b7 1/2-1/2

[Event "SR 1. liga zapad 2014/2015"]
[Site "?"]
[Date "2014.10.19"]
[Round "2.6"]
[White "Kleman, Miroslav"]
[Black "Gorusa, Miroslav"]
[Result "1-0"]
[WhiteElo "2231"]
[BlackElo "2172"]
[PlyCount "75"]
[EventDate "2014.??.??"]

1. e4 e5 2. f4 exf4 3. Nf3 g5 4. Nc3 Bg7 5. Bc4 d6 6. d4 g4 7. Bxf4 gxf3 8.
Qxf3 Qh4+ 9. g3 Qg4 10. Qf2 Ne7 11. h3 Qh5 12. g4 Qg6 13. O-O-O Be6 14. Bd3 Bh6
15. e5 Qg7 16. g5 Bxg5 17. Rhg1 Bxf4+ 18. Qxf4 Ng6 19. Qf3 c6 20. Ne4 dxe5 21.
Nd6+ Kd7 22. dxe5 Kc7 23. Bc4 Nd7 24. Bxe6 fxe6 25. Qb3 Nc5 26. Qc4 b6 27. b4
Qh6+ 28. Kb1 Nxe5 29. Qd4 Ncd7 30. Nf7 Qh5 31. Rg7 Rhg8 32. Qd6+ Kb7 33. Nxe5
Rxg7 34. Qxc6+ Ka6 35. b5+ Ka5 36. Qc3+ Kxb5 37. Qc4+ Ka5 38. Nc6# 1-0

[Event "SR 1. liga zapad 2014/2015"]
[Site "?"]
[Date "2014.10.19"]
[Round "2.6"]
[White "Nagy, Attilla"]
[Black "Banas, Kamil"]
[Result "1-0"]
[WhiteElo "2139"]
[BlackElo "2213"]
[PlyCount "77"]
[EventDate "2014.??.??"]

1. e4 c5 2. Nf3 d6 3. d4 cxd4 4. Nxd4 Nf6 5. Nc3 a6 6. Be3 e6 7. Qd2 b5 8. f3
Bb7 9. Be2 Be7 10. O-O O-O 11. a4 bxa4 12. Rxa4 Nfd7 13. Rd1 Qc7 14. Rc4 Nc6
15. Nxc6 Bxc6 16. Nd5 exd5 17. exd5 Ne5 18. Rc3 Rfc8 19. f4 Nd7 20. Rxc6 Qb7
21. Bg4 Re8 22. Bxd7 Qxd7 23. Ra1 a5 24. Rxa5 Rxa5 25. Qxa5 Bf6 26. Qd2 Qe7 27.
c3 g6 28. Bf2 Qe4 29. h3 Be7 30. b4 Bf8 31. b5 Qb1+ 32. Kh2 Qxb5 33. c4 Qa4 34.
Bd4 Re4 35. Rc8 Qd7 36. Ra8 Qf5 37. g4 Qxf4+ 38. Qxf4 Rxf4 39. Be3 1-0

[Event "SR 1. liga zapad 2014/2015"]
[Site "?"]
[Date "2014.10.19"]
[Round "2.6"]
[White "Skara, Vladimir"]
[Black "Dlhy, Jozef"]
[Result "1-0"]
[WhiteElo "2195"]
[BlackElo "2075"]
[PlyCount "53"]
[EventDate "2014.??.??"]

1. e4 c6 2. d4 d5 3. Nc3 dxe4 4. Nxe4 Nd7 5. Bc4 Ngf6 6. Ng5 e6 7. N1f3 Bd6 8.
Qe2 Nb6 9. Bb3 h6 10. Ne4 Nxe4 11. Qxe4 Nd5 12. O-O Nf6 13. Qe2 Bd7 14. Ne5 Qe7
15. Re1 Kf8 16. c4 c5 17. dxc5 Bxc5 18. Bf4 Rc8 19. Rad1 Bb4 20. a3 Bxe1 21.
Nxd7+ Nxd7 22. Bd6 Ba5 23. Bxe7+ Kxe7 24. Qd3 Nc5 25. Qd6+ Kf6 26. Bc2 Bc7 27.
Qd4+ 1-0

[Event "SR 1. liga zapad 2014/2015"]
[Site "?"]
[Date "2014.10.19"]
[Round "2.6"]
[White "Pereszlenyi, Gejza"]
[Black "Mydlarik, Martin"]
[Result "1/2-1/2"]
[WhiteElo "1953"]
[BlackElo "2138"]
[PlyCount "102"]
[EventDate "2014.??.??"]

1. d4 Nf6 2. Nf3 g6 3. Bf4 Bg7 4. e3 O-O 5. Nbd2 d6 6. h3 c5 7. c3 Nc6 8. Be2
cxd4 9. exd4 h6 10. O-O Nd5 11. Bh2 e5 12. Qb3 Nb6 13. dxe5 dxe5 14. Rfd1 Qe7
15. Nf1 Be6 16. Qb5 Bd7 17. Qb3 Be6 18. Qb5 Bd7 19. Qb3 Rfd8 20. Ne3 Be6 21.
Qc2 f5 22. g4 e4 23. Ne1 Ne5 24. N1g2 Nd5 25. gxf5 Nxe3 26. Nxe3 gxf5 27. Ng2
Ng6 28. Kh1 Kh8 29. Rxd8+ Rxd8 30. Rd1 Bd5 31. Qd2 Rd7 32. Qe3 a6 33. Bh5 Bf7
34. Rd2 Kh7 35. Bxg6+ Bxg6 36. Nf4 Bf7 37. a3 Bf6 38. Bg3 Bg5 39. Kh2 Bc4 40.
Rxd7 Qxd7 41. Qc5 Qf7 42. Qe5 Bd8 43. Qd4 Bf6 44. Qd6 Qe7 45. Nh5 Qxd6 46. Bxd6
Bg5 47. Nf4 Kg7 48. Be5+ Kf7 49. Kg3 Be7 50. h4 Bc5 51. Ng2 Bb3 1/2-1/2

[Event "SR 1. liga zapad 2014/2015"]
[Site "?"]
[Date "2014.10.19"]
[Round "2.6"]
[White "Horvath, Marek"]
[Black "Kuna, Marian"]
[Result "1/2-1/2"]
[WhiteElo "1817"]
[BlackElo "1885"]
[PlyCount "84"]
[EventDate "2014.??.??"]

1. e4 e5 2. Nf3 Nc6 3. d4 exd4 4. Nxd4 Bc5 5. Be3 Qf6 6. c3 Nge7 7. Be2 O-O 8.
O-O a6 9. f4 d6 10. Qd3 Bd7 11. Nd2 Nxd4 12. Bxd4 Bb5 13. Qe3 Bxe2 14. Qxe2
Bxd4+ 15. cxd4 Qxd4+ 16. Kh1 Rae8 17. Nf3 Qb4 18. Qc2 Nc6 19. Rae1 Re7 20. Re3
Nd4 21. Nxd4 Qxd4 22. Rfe1 Rfe8 23. h3 b5 24. b3 f5 25. Qc6 Qb6 26. Qd5+ Rf7
27. b4 Qa7 28. R3e2 Qa8 29. Qd3 fxe4 30. Rxe4 Rxe4 31. Rxe4 Qc6 32. Qe3 Rf8 33.
Re7 Qc4 34. Qg3 g6 35. a3 Qf1+ 36. Kh2 Qxf4 37. Rxc7 d5 38. Rd7 Qe4 39. Qc3
Qf4+ 40. Kg1 Qf2+ 41. Kh2 Qf4+ 42. Kg1 Qf2+ 1/2-1/2

[Event "SR 1. liga zapad 2014/2015"]
[Site "?"]
[Date "2014.11.29"]
[Round "3.1"]
[White "Kukel, Imre"]
[Black "Motuz, Karol"]
[Result "0-1"]
[WhiteElo "2279"]
[BlackElo "2336"]
[PlyCount "48"]
[EventDate "2014.??.??"]

1. e4 e6 2. d4 d5 3. Nc3 Nf6 4. e5 Nfd7 5. f4 c5 6. Nf3 Nc6 7. Be3 Be7 8. Qd2
O-O 9. Nd1 cxd4 10. Nxd4 Nxd4 11. Bxd4 f6 12. exf6 Bxf6 13. Ne3 Bxd4 14. Qxd4
Nb8 15. g3 Nc6 16. Qd2 d4 17. Ng4 e5 18. Bc4+ Kh8 19. Nxe5 Nxe5 20. fxe5 Bg4
21. Rf1 Qb6 22. Bb3 Rae8 23. Rxf8+ Rxf8 24. Qg5 Qa5+ 0-1

[Event "SR 1. liga zapad 2014/2015"]
[Site "?"]
[Date "2014.11.29"]
[Round "3.1"]
[White "Jakubek, Peter"]
[Black "Szegi, Tamas"]
[Result "1-0"]
[WhiteElo "2169"]
[BlackElo "2186"]
[PlyCount "65"]
[EventDate "2014.??.??"]

1. d4 Nf6 2. Bg5 Ne4 3. Bf4 d5 4. e3 Nd7 5. Bd3 c5 6. Bxe4 dxe4 7. Nc3 cxd4 8.
exd4 Nf6 9. Nge2 Bg4 10. O-O Nd5 11. Nxd5 Qxd5 12. Nc3 Qf5 13. Qd2 g5 14. Bg3
h5 15. Rae1 h4 16. Nxe4 Kd8 17. Be5 Rh6 18. f3 Bh5 19. Qa5+ Ke8 20. Qb5+ Qd7
21. Qxd7+ Kxd7 22. d5 Rc8 23. c4 Rxc4 24. Rc1 Rxc1 25. Rxc1 Rb6 26. Rc7+ Kd8
27. Nc5 f6 28. Nxb7+ Ke8 29. Bd4 Rb5 30. Nc5 Kf7 31. d6 Rb4 32. Bc3 Rb6 33. d7
1-0

[Event "SR 1. liga zapad 2014/2015"]
[Site "?"]
[Date "2014.11.29"]
[Round "3.1"]
[White "Berek, Geza"]
[Black "Obona, Jan"]
[Result "1/2-1/2"]
[WhiteElo "2143"]
[BlackElo "2166"]
[PlyCount "69"]
[EventDate "2014.??.??"]

1. e4 c5 2. Nf3 d6 3. d4 cxd4 4. Nxd4 Nf6 5. Nc3 a6 6. Be3 Ng4 7. Bg5 h6 8. Bh4
g5 9. Bg3 Bg7 10. h3 Ne5 11. Nf5 Bxf5 12. exf5 Nbd7 13. Be2 Rc8 14. O-O Qa5 15.
Nd5 Nb6 16. Ne3 Qc5 17. c3 O-O 18. Re1 Rfe8 19. Bf3 Nbc4 20. Bxb7 Nxe3 21. Rxe3
Rb8 22. b4 Qb5 23. Bxe5 Bxe5 24. Bd5 Rec8 25. a4 Qe8 26. Qh5 Qf8 27. Ra3 Qg7
28. Qf3 Rxb4 29. g3 Rb1+ 30. Kg2 Rc1 31. Bb7 R8xc3 32. Raxc3 Rxc3 33. Bxa6 Qf6
34. Rxc3 Bxc3 35. Bc4 1/2-1/2

[Event "SR 1. liga zapad 2014/2015"]
[Site "?"]
[Date "2014.11.29"]
[Round "3.1"]
[White "Molnar, Erno"]
[Black "Kukucka, Matej"]
[Result "1-0"]
[WhiteElo "2027"]
[BlackElo "2073"]
[PlyCount "63"]
[EventDate "2014.??.??"]

1. e4 e6 2. d4 d5 3. exd5 exd5 4. Nf3 Nc6 5. c3 Bd6 6. Bd3 Bg4 7. O-O Nge7 8.
Nbd2 Qd7 9. Re1 f6 10. Nf1 O-O-O 11. b4 Rde8 12. a4 Bf5 13. Ne3 Bxd3 14. Qxd3
g5 15. a5 g4 16. Nh4 f5 17. b5 Nd8 18. Bd2 Ref8 19. c4 f4 20. Nxd5 Nxd5 21.
cxd5 Be7 22. b6 Kb8 23. bxc7+ Kxc7 24. Rac1+ Kb8 25. Rxe7 Qxe7 26. Nf5 Qd7 27.
Bxf4+ Ka8 28. Rc7 Rxf5 29. Rxd7 Rxf4 30. Qe3 Rff8 31. a6 Re8 32. Qc1 1-0